| 000 | 01689nam a22002417a 4500 | ||
|---|---|---|---|
| 005 | 20251014131141.0 | ||
| 008 | 250901s2005 ag a|||br|||| 000 0 spa d | ||
| 020 | _a9879418530 | ||
| 040 | _aMX-MxUPN | ||
| 041 | 0 | _aspa | |
| 050 | 1 | 4 |
_aPQ6161 _bC5 2005 |
| 100 | 1 |
_aCinetto de González, Liliana Cristina, _d1967- _932491 |
|
| 245 | 1 | 0 |
_aBiblioteca de los pequeños lectores : _bmitos y leyendas |
| 260 |
_aColombia : _bCírculo Latino Austral, _c2006 |
||
| 300 |
_a88 páginas : _bilustraciones a color |
||
| 490 | 0 | _aBiblioteca de los pequeños lectores | |
| 500 | _aDonación Cerezo Rojas Karen Fabiola | ||
| 505 |
_tLa vicuña de Coquena/ _rinspirada en la leyenda de Coquena del noreste argentino.-- _tLa caja con luz/ _rde la tradición oral de los indios Warao (Venezuela).-- _tEl colibrí y las flores/ _rde la tradición oral de los indios Calchaquíes (Argentina).-- _tEl regalo de la luna/ _rde la traduición oral de los indios Guaraínes de Paraguay, Brasil y Argentina.-- _tLa cola de la zarigüeya/ _rde la tradición oral de los indios Cora (México).-- _tÑucu y el cielo/ _rde la tradición oral de los indios Chimanes (Bolivia).-- _tEl tejido de Ñadutí/ _rde la tradición oral de los indios Guaraníes de Paraguay.-- _tUna trampa para el Curupi/ _rde la tradición oral de los indios Guaraníes del noroeste argentino.-- _tLa violeta amarilla/ _rde la tradición oral de los indios Mapuches (Argentina y Chile).-- _tLas manchas del sapo/ _rde la tradición oral del centro y noreste argentino. |
||
| 650 | 4 |
_aMitos y leyendas _958170 |
|
| 650 | 4 |
_aCuentos infantiles _vColecciones _958165 |
|
| 902 |
_aMarisolLicea/01092025 _bBerenice Martínez/141025 |
||
| 942 |
_2lcc _cLIBRO |
||
| 999 |
_c213928 _d213928 |
||